Indien

Salvato in:
Dettagli Bibliografici
Autore principale: Schwerin, Kerrin Gräfin von
Natura: Libro
Lingua:tedesco
Pubblicazione: München Beck 1988
Edizione:1. Aufl.
Serie:Beck'sche Reihe 820
Soggetti:
Tags: Aggiungi Tag
Nessun Tag, puoi essere il primo ad aggiungerne!!

MARC

LEADER 00000nam a2200000 4500
001 c010491
005 20221206134246.4
020 |a 3-406-32968-3 
041 0 |a ger 
044 |a DE 
245 1 0 |a Indien  |c Kerrin Gräfin von Schwerin 
250 |a 1. Aufl. 
264 1 |a München  |b Beck  |c 1988 
300 |a 189 s. 
490 1 |a Beck'sche Reihe  |v 820 
830 0 |a Beck'sche Reihe  |v 820 
610 2 0 |a India 
610 2 0 |a geografia 
610 2 0 |a geografia hospodárska 
610 2 0 |a podmienky prírodné 
610 2 0 |a obyvateľstvo 
610 2 0 |a rozvoj hospodársky 
610 2 0 |a kultúra 
610 2 0 |a spoločnosť 
610 2 0 |a náboženstvo 
100 1 |a Schwerin, Kerrin Gräfin von